| 000 | 00800nam a22001815i 4500 | ||
|---|---|---|---|
| 001 | 163516 | ||
| 003 | ES-MaACL | ||
| 005 | 20251012063055.0 | ||
| 008 | 951113s1870 sp |||| | spa d | ||
| 040 |
_aCARM _bspa _cCCPB | SIC |
||
| 100 | 1 |
_aRico y Amat, Juan, _d1821-1870 _9131803 |
|
| 245 | 1 | 3 |
_aEl infierno con honra _b: zarzuela bufo-politico-social en tres actos dedicada al ilustre iniciador de "La Gloriosa" D. Juan Bautista Topete / _cpor su autor Juan Rico y Amat. |
| 250 | _a2ª ed. | ||
| 260 |
_aMadrid : _b[s.n.], _c1870 ( _fEstab. tip. de R. Vicente) |
||
| 300 |
_a[2], 96 p. ; _c20 cm. |
||
| 852 |
_aES-MaACL _jF-8565(2) _z-- Enc. pasta española _z-- Enc. en un vol. facticio formando parte de la col. facticia "Teatro español moderno", vol. 18 |
||
| 999 |
_c163516 _d163516 |
||